| 000 | 01044 a2200229 4500 | ||
|---|---|---|---|
| 003 | UA-OsUOA | ||
| 005 | 20260303153843.0 | ||
| 008 | 260303b un ||||| |||| 00| 0 ukr d | ||
| 020 | _a9668436008 | ||
| 040 |
_bukr _cUA-OsUOA |
||
| 080 | _a82-94(477) | ||
| 090 |
_a82-94(477) _bС47 |
||
| 100 |
_aСліпушко О. _923341 |
||
| 245 |
_aТаємниці володарів Русі (від Олега до Володимира Мономаха) _cОксана Сліпушко |
||
| 260 |
_aК. _bАконіт _c2003 |
||
| 300 | _a192 с. | ||
| 490 | _aМій погляд | ||
| 650 |
_a82-94 Історія як літературний жанр. Історичні твори. Історіографія. Хроніки. Аннали, літописи. Мемуари. Спогади. Щоденники. Біографії. Автобіографії _92061 |
||
| 942 |
_cBK _2udc |
||
| 955 | _a3 | ||
| 999 |
_c579748 _d579748 |
||